000 01136nam a2200193Ia 4500
003 Ost
005 20260507075632.0
008 260507s9999||||xx |||||||||||||| ||und||
040 _cfsecg
041 _aara
082 _a659.2
100 _aالديلمي، عبد الرزاق محمد
_eمؤلف
245 0 _aالعلاقات العامة في التطبيق /
_c عبد الرزاق محمد الديلمي
260 _aعمان:
_bدار جرير للنشر والتوزيع,
_c2005
300 _a208 صفحة؛
_c24 سم
520 _aتجد في هذا الكتاب : العلاقات العامة وتطورها التاريخي في العالم ، تأسيس العلاقات العامة ، المبادئ الأساسية للعلاقات العامة ، التنظيم الداخلي للعلاقات العامة ، أدوار مهمة للعلاقات العامة ، التخطيط في العلاقات العامة ،العلاقات العامة في الإدارة الحكومية ، العلاقات العامة في بعض المؤسسات
653 _aالعلاقات العامة
942 _cكتاب
999 _c45240
_d45240